[Event "Stay Safe Play From Home 225"]
[Site "T#646783Emanuel Laske"]
[Date "2020.06.14"]
[Round "7"]
[White "Germanicus G"]
[Black "BOODWUTCHER"]
[Result "1-0"]
[WhiteElo "1526"]
[BlackElo "1340"]
[Annotator "NA RC"]
[PlyCount "85"]
[EventDate "2020.06.14"]
[EventType "swiss (blitz)"]

1. Nf3 {[%emt 0:00:05]} d5 {[%emt 0:00:03]} 2. d4 {[%emt 0:00:01]} Bg4 {[%emt 0:00:02]} 3. g3 {[%emt 0:00:03]} Bxf3 {[%emt 0:00:02]} 4. exf3 {[%emt 0:00:02]} c6 {[%emt 0:00:01]} 5. Bg2 {[%emt 0:00:02]} Nf6 {[%emt 0:00:01]} 6. O-O {[%emt 0:00:02]} e6 {[%emt 0:00:01]} 7. Nd2 {[%emt 0:00:03]} Be7 {[%emt 0:00:01]} 8. b3 {[%emt 0:00:01]} O-O {[%emt 0:00:01]} 9. Bb2 {[%emt 0:00:00]} Nbd7 {[%emt 0:00:01]} 10. Re1 {[%emt 0:00:02]} c5 {[%emt 0:00:01]} 11. c4 {[%emt 0:00:04]} Rb8 {[%emt 0:00:05]} 12. cxd5 {[%emt 0:00:08]} Nxd5 {[%emt 0:00:02]} 13. f4 {[%emt 0:00:01]} cxd4 {[%emt 0:00:17]} 14. Bxd4 {[%emt 0:00:05]} Bc5 {[%emt 0:00:01]} 15. Ne4 {[%emt 0:00:13]} Bb4 {[%emt 0:00:03]} 16. Re2 {[%emt 0:00:08]} f5 {[%emt 0:00:01]} 17. Ng5 {[%emt 0:00:06]} Nc3 {[%emt 0:00:05]} 18. Bxc3 {[%emt 0:00:02]} Bxc3 {[%emt 0:00:27]} 19. Rc1 {[%emt 0:00:37]} Rc8 {[%emt 0:00:09]} 20. Nxe6 {[%emt 0:00:03]} Qb6 {[%emt 0:00:41]} 21. Nxf8 {[%emt 0:00:08]} Nxf8 {[%emt 0:00:02]} 22. Qd5+ {[%emt 0:00:16]} Kh8 {[%emt 0:00:02]} 23. Qxb7 {[%emt 0:00:02]} Qxb7 {[%emt 0:00:17]} 24. Bxb7 {[%emt 0:00:03]} Rc7 {[%emt 0:00:01]} 25. Bd5 {[%emt 0:00:01]} h6 {[%emt 0:00:09]} 26. Re8 {[%emt 0:00:04]} Rd7 {[%emt 0:00:20]} 27. Rxf8+ {[%emt 0:00:03]} Kh7 {[%emt 0:00:01]} 28. Rxc3 {[%emt 0:00:01]} Rxd5 {[%emt 0:00:01]} 29. b4 {[%emt 0:00:03]} Rd1+ {[%emt 0:00:03]} 30. Kg2 {[%emt 0:00:01]} Ra1 {[%emt 0:00:01]} 31. Ra3 {[%emt 0:00:01]} Rb1 {[%emt 0:00:03]} 32. Rxa7 {[%emt 0:00:01]} Rxb4 {[%emt 0:00:01]} 33. Rff7 {[%emt 0:00:00]} Rb6 {[%emt 0:00:21]} 34. Rxg7+ {[%emt 0:00:02]} Kh8 {[%emt 0:00:02]} 35. Rgf7 {[%emt 0:00:04]} Kg8 {[%emt 0:00:03]} 36. Rxf5 {[%emt 0:00:31]} Rg6 {[%emt 0:00:10]} 37. Rb5 {[%emt 0:00:04]} Rg7 {[%emt 0:00:03]} 38. Rb8+ {[%emt 0:00:02]} Kh7 {[%emt 0:00:01]} 39. Rxg7+ {[%emt 0:00:01]} Kxg7 {[%emt 0:00:01]} 40. a4 {[%emt 0:00:00]} Kf7 {[%emt 0:00:01]} 41. a5 {[%emt 0:00:00]} Ke7 {[%emt 0:00:01]} 42. a6 {[%emt 0:00:00]} Kd7 {[%emt 0:00:00]} 43. a7 {[%emt 0:00:00] BOODWUTCHER resigns (Lag: Av=0.48s, max=0.9s)} 1-0